书目信息 |
| 题名: |
大黄吟
|
|
| 作者: | 古越 , 羽萱 著 | |
| 分册: | ||
| 出版信息: | 银川 宁夏人民出版社 2009.09 |
|
| 页数: | 365页 | |
| 开本: | 23cm | |
| 丛书名: | ||
| 单 册: | ||
| 中图分类: | I247.53 | |
| 科图分类: | ||
| 主题词: | 历史小说--li shi xiao shuo--中国--现代 , 长篇小说--chang pian xiao shuo--中国--现代 | |
| 电子资源: | ||
| ISBN: | 978-7-227-04226-6 | |
| 000 | 00918nam0 2200277 450 | |
| 001 | 012010259450 | |
| 005 | 20100411192643.96 | |
| 010 | @a978-7-227-04226-6@dCNY36.00 | |
| 100 | @a20100411d2009 em y0chiy0120 ea | |
| 101 | 0 | @achi |
| 102 | @aCN@b630000 | |
| 105 | @ay z 000ay | |
| 106 | @ar | |
| 200 | 1 | @a大黄吟@Ada huang yin@f古越, 羽萱著@Fgu yue,yu xuan zhu |
| 210 | @a银川@c宁夏人民出版社@d2009.09 | |
| 215 | @a365页@d23cm | |
| 300 | @a长篇历史小说《大清洋买办》之三 | |
| 330 | @a本书主要包括第一章施念慈违心出嫁,季策路失新娘,第二章嘉峪关季将军震怒,祁连山宋头领断指,第三章为破票案刘道台索贿等内容。 | |
| 333 | @a小说爱好者 | |
| 606 | 0 | @a历史小说@Ali shi xiao shuo@y中国@z现代 |
| 606 | 0 | @a长篇小说@Achang pian xiao shuo@y中国@z现代 |
| 690 | @aI247.53@v4 | |
| 701 | 0 | @a古越@Agu yue@4著 |
| 701 | 0 | @a羽萱@Ayu xuan@4著 |
| 801 | 0 | @aCN@bQSSK@c20100411 |
| 905 | @b777124-26@dI247.53@eG455@f3 | |
| 大黄吟/古越, 羽萱著.-银川:宁夏人民出版社,2009.09 |
| 365页;23cm |
| 长篇历史小说《大清洋买办》之三.-使用对象:小说爱好者 |
| ISBN 978-7-227-04226-6:CNY36.00 |
| 本书主要包括第一章施念慈违心出嫁,季策路失新娘,第二章嘉峪关季将军震怒,祁连山宋头领断指,第三章为破票案刘道台索贿等内容。 |
| ● |
| 相关链接 |
|
|
|
正题名:大黄吟
索取号:I247.53/G455
 
预约/预借
| 序号 | 登录号 | 条形码 | 馆藏地/架位号 | 状态 | 备注 |
| 1 | 777124 | 207771240 | 文学库108/108文学库 43排3列4层/ [索取号:I247.53/G455] | 在馆 | |
| 2 | 777125 | 207771259 | 文学库108/400B社科库 26排2列1层/ [索取号:I247.53/G455] | 在馆 | |
| 3 | 777126 | 207771268 | 文学库108/108文学库 43排3列4层/ [索取号:I247.53/G455] | 在馆 |